|
|
|
|
| LEADER |
00000nam0a2200000 4500 |
| 001 |
143097 |
| 005 |
20231101221014.0 |
| 029 |
1 |
0 |
|a RU
|b 74-2004
|c РМГ
|
| 035 |
|
|
|a (RuTPU)RU\TPU\book\155065
|
| 035 |
|
|
|a RU\TPU\book\155062
|
| 090 |
|
|
|a 143097
|
| 100 |
|
|
|a 20080916d2005 k y0rusy50 ca
|
| 101 |
0 |
|
|a rus
|
| 102 |
|
|
|a RU
|
| 105 |
|
|
|a a l 000zy
|
| 200 |
1 |
|
|a Методы определения межповерочных и межкалибровочных интервалов средств измерений
|e Рекомендации по межгосударственной стандартизации. РМГ 74-2004
|f Межгосударственный совет по стандартизации, метрологии и сертификации
|
| 205 |
|
|
|a Изд. офиц.
|
| 210 |
|
|
|a Москва
|c Стандартинформ
|d 2005
|
| 215 |
|
|
|a 5 с.
|c ил.
|
| 225 |
1 |
|
|a Рекомендации по межгосудартсвенной стандартизации
|
| 225 |
1 |
|
|a Государственная система обеспечения единства измерений
|
| 229 |
|
|
|a Приказом Федерального агентства по техническому регулированию и метрологии от 2 марта 2005 г. № 35-ст межгосударственные рекомендации РМГ 74-2004 введены в действие непосредственно в качестве рекомендаций по метрологии Российской Федерации с 1 января 2005 г.
|a Взамен МИ 2187-92
|
| 610 |
1 |
|
|a рекомендации по стандартизации
|
| 610 |
1 |
|
|a РМГ
|
| 610 |
1 |
|
|a межгосударственная стандартизация
|
| 610 |
1 |
|
|a единство измерений
|
| 610 |
1 |
|
|a средства измерений
|
| 610 |
1 |
|
|a метрологическая надежность
|
| 610 |
1 |
|
|a стабильность
|
| 610 |
1 |
|
|a нормальный закон
|
| 610 |
1 |
|
|a нестабильность
|
| 610 |
1 |
|
|a поверка
|
| 610 |
1 |
|
|a калибровка
|
| 610 |
1 |
|
|a экономические критерии
|
| 675 |
|
|
|a 53(083)
|v 3
|
| 712 |
0 |
2 |
|a Межгосударственный совет по стандартизации, метрологии и сертификации
|2 stltpush
|3 (RuTPU)RU\TPU\col\9665
|9 24738
|
| 801 |
|
1 |
|a RU
|b 63413507
|c 20070315
|g PSBO
|
| 801 |
|
2 |
|a RU
|b 63413507
|c 20221207
|g PSBO
|
| 942 |
|
|
|c BK
|